000 00345 a2200133 4500
999 _c324871
_d324871
001 89798
003 NUST
082 _a813.54 MUN
100 _aMunro Alice
_99834
245 _aFriend of my youth
_bstories of flo and rose
_cAlice Munro
260 _aLondon
_bVintage Books
_c2004
300 _aiv, 280p.
500 _aGeneral Books
942 _aCAE NUST
_cBK
_k 813.54 MUN
_2ddc